The British Brewing Industry, 1830-1980 : (Record no. 615180)

MARC details
000 -LEADER
fixed length control field 00496nam a2200181 a 4500
008 - FIXED-LENGTH DATA ELEMENTS--GENERAL INFORMATION
fixed length control field 260221s2008##################000#0#eng##
020 ## - INTERNATIONAL STANDARD BOOK NUMBER
ISBN 9780521070171
082 04 - DEWEY DECIMAL CLASSIFICATION NUMBER
Classification number 338.47663
Item number GOU
100 1# - MAIN ENTRY--AUTHOR NAME
Personal name Gourvish, T. R.,
245 10 - TITLE STATEMENT
Title The British Brewing Industry, 1830-1980 :
260 ## - PUBLICATION, DISTRIBUTION, ETC. (IMPRINT)
Name of publisher Cambridge University Press,
Year of publication 2008.
650 #0 - SUBJECT ADDED ENTRY--TOPICAL TERM
Topical Term History.
942 ## - ADDED ENTRY ELEMENTS (KOHA)
Koha item type English Books
Holdings
Withdrawn status Lost status Damaged status Not for loan Home library Current library Shelving location Date acquired Full call number Accession Number Price effective from Koha item type
        Anna Centenary Library Anna Centenary Library 4TH FLOOR, A WING 21.02.2026 338.47663 GOU 235951 21.02.2026 English Books

Find us on the map